Movies Quiz

Random Movies or Pixar Quiz
Score 0/79 Timer 16:00
0 Plays Today
Year Disney and Pixar Animated Movie % Correct
1995Toy Story
93.8%
1937 Snow White and the Seven Dwarfs
92.4%
1999Toy Story 2
91.7%
1950Cinderella
90.3%
2010Toy Story 3
88.9%
2013Frozen
88%
1959Sleeping Beauty
87.5%
1994The Lion King
86.6%
1989The Little Mermaid
86.3%
1992Aladdin
86.3%
1991Beauty and the Beast
86.1%
2019 Frozen 2
85.6%
1940Fantasia
84%
1998Mulan
84%
2019Toy Story 4
83.9%
2006Cars
83.8%
2003Finding Nemo
82.4%
1941Dumbo
81.9%
2010Tangled
81.9%
1967The Jungle Book
81.5%
2011Cars 2
81.3%
1995Pocahontas
81%
1940Pinocchio
80.6%
2009Up
80.3%
2001Monsters, Inc
80.1%
2004The Incredibles
79.2%
1942Bambi
78.9%
2016Moana
78.5%
1998A Bugs Life
78.5%
2020Onward
78%
2012Brave
77.8%
2017Cars 3
77.8%
2018Incredibles 2
77.8%
2009The Princess and the Frog
76.9%
1955Lady and the Tramp
76.4%
1999Tarzan
76.2%
2016Finding Dory
76.1%
1953Peter Pan
75.9%
1997Hercules
74.1%
1996The Hunchback of Notre Dame
73.6%
Year Disney and Pixar Animated Movie % Correct
2008Wall-E
73.6%
1961101 Dalmatians
73.1%
1970The Aristocats
73.1%
1977The Rescuers
73.1%
2013Monsters University
72.9%
1951Alice in Wonderland
72.7%
2015Inside Out
71.7%
1973Robin Hood
70.4%
2012Wreck-It Ralph
70.1%
1981The Fox and the Hound
69.2%
2002Lilo and Stitch
67.6%
1963The Sword in the Stone
67.4%
1988Oliver and Company
67.4%
2007Ratatouille
67.4%
1977The Many Adventures of Winnie the Pooh
66.4%
2017Coco
66.3%
2018Ralph Breaks the Internet
66.1%
1999Fantasia 2000
65.3%
1990The Rescuers Down Under
65%
2014Big Hero 6
64.6%
1985The Black Cauldron
64.1%
2008Bolt
64.1%
2001Atlantis: The Lost Empire
63%
2015The Good Dinosaur
62.5%
2000The Emperors New Groove
62.3%
2003Brother Bear
62.3%
2005Chicken Little
61.1%
2016Zootopia
61.1%
1986The Great Mouse Detective
60.2%
2000Dinosaur
59.5%
2002 Treasure Planet
59.5%
1944The Three Caballeros
57.9%
2007Meet the Robinsons
57.6%
2004Home on the Range
57.2%
1947Fun and Fancy Free
55.1%
1948Melody Time
55.1%
1946Make Mine Music
54.4%
1949The Adventures of Ichabod and Mr. Toad
52.8%
1943Saludos Amigos
52.3%
Remove Ads.
Support Sporcle.
Get the best of Sporcle when you Go Orange. This ad-free experience offers more features, more stats, and more fun while also helping to support Sporcle. Thank you for becoming a member.

You're not logged in!

Compare scores with friends on all Sporcle quizzes.
OR
Log In

Show Comments

Extras

Created Dec 14, 2014ReportNominate
Tags:Disney Quiz, Pixar Quiz

Top Quizzes Today


Score Distribution

Your Account Isn't Verified!

In order to create a playlist on Sporcle, you need to verify the email address you used during registration. Go to your Sporcle Settings to finish the process.

Report this User

Report this user for behavior that violates our Community Guidelines.

Details: